South Eastern Kenya University

Library Online Public Access Catalogue


Diary of a flying man / (Record no. 12826)

MARC details
000 -LEADER
fixed length control field 00499pam a2200205 a 4500
001 - CONTROL NUMBER
control field 1038183
003 - CONTROL NUMBER IDENTIFIER
control field OSt
005 - DATE AND TIME OF LATEST TRANSACTION
control field 20160419155932.0
008 - FIXED-LENGTH DATA ELEMENTS--GENERAL INFORMATION
fixed length control field 890202s1989 nyu 000 1 eng
010 ## - LIBRARY OF CONGRESS CONTROL NUMBER
LC control number 89045285
020 ## - INTERNATIONAL STANDARD BOOK NUMBER
International Standard Book Number 0394561244 :
040 ## - CATALOGING SOURCE
Original cataloging agency SEKU
050 00 - LIBRARY OF CONGRESS CALL NUMBER
Classification number PS 3553
Item number .C6
082 00 - DEWEY DECIMAL CLASSIFICATION NUMBER
Classification number 813/.54
Edition number 20
100 1# - MAIN ENTRY--PERSONAL NAME
Personal name Cohen, Randy.
245 10 - TITLE STATEMENT
Title Diary of a flying man /
Statement of responsibility, etc. Randy Cohen.
260 ## - PUBLICATION, DISTRIBUTION, ETC. (IMPRINT)
Place of publication, distribution, etc. New York :
Name of publisher, distributor, etc. Knopf,
Date of publication, distribution, etc. 1989.
300 ## - PHYSICAL DESCRIPTION
Extent viii, 145 p. ;
Dimensions 23 cm.
942 ## - ADDED ENTRY ELEMENTS (KOHA)
Source of classification or shelving scheme Library of Congress Classification
Koha item type General circulation
Holdings
Withdrawn status Lost status Source of classification or shelving scheme Damaged status Not for loan Home library Current library Shelving location Date acquired Source of acquisition Total Checkouts Full call number Barcode Date last seen Date last checked out Price effective from Koha item type Public note
    Library of Congress Classification     SEHSS - Library SEHSS - Library General Stacks 19/04/2016 Donation- Books for Africa 1 [EHS] PS 3553 .C6 2016/016902 21/11/2019 19/11/2019 19/04/2016 General circulation stv
Kitui, Kenya.
+254736116989
library@seku.ac.ke